header

Intermarriage across race and ethnicity among immigrants (Record no. 145287)

MARC details
000 -LEADER
fixed length control field 01848nam a2200385 a 4500
082 04 - DEWEY DECIMAL CLASSIFICATION NUMBER
Classification number 306.84/60869120973
100 1# - MAIN ENTRY--AUTHOR NAME
Personal name Morgan, Charlie V.,
245 10 - TITLE STATEMENT
Title Intermarriage across race and ethnicity among immigrants
260 ## - PUBLICATION, DISTRIBUTION, ETC. (IMPRINT)
Place of publication El Paso :
Name of publisher LFB Scholarly Pub.,
Year of publication 2009.
300 ## - PHYSICAL DESCRIPTION
Number of Pages vii, 228 p. :
Other physical details ill.
490 1# - SERIES STATEMENT
Series statement The new Americans
505 0# - FORMATTED CONTENTS NOTE
Formatted contents note Introduction -- History and theory -- Conceptualization and methodology -- Deconstructing intermarriage in the United States -- Mixed relationships among children of immigrants in southern California -- Clarifying race and ethnicity in mixed relationships -- Gender and informality in mixed relationships -- Summary and conclusions.
650 #0 - SUBJECT ADDED ENTRY--TOPICAL TERM
Topical Term Intermarriage
Topical Term Interethnic marriage
Topical Term Interracial marriage
Topical Term Immigrants
856 40 - ELECTRONIC LOCATION AND ACCESS
Uniform Resource Identifier http://site.ebrary.com/lib/rucke/Doc?id=10430441

No items available.

© 2026 Rongo University
Contact us: librarian | system librarian | Rongo university